Statistiques concernant Petit Bac #56 - Communes de Midi-Pyrénées

Cliquez ici pour prendre le quiz!

Statistiques générales

  • Ce quiz a été pris 320 fois
  • Le résultat moyen est 8 sur 13

Statistiques - réponses

1ère LettreCommune (9000+ hab.)% Correct
TToulouse / Tarbes / Tournefeuille
98%
AAlbi / Auch / Auterive
89%
CCastres / Colomiers / Cahors / Cugnaux / Castelsarrasin / Castanet-Tolosan / Castelginest / Carmaux
88%
MMontauban / Muret / Millau / Moissac / Mazamet
84%
FFonsorbes / Figeac / Foix
76%
RRodez / Ramonville-Saint-Agne / Revel
72%
BBlagnac / Balma
68%
LLourdes / L'Union / Lavaur / Léguevin
60%
SSaint-Orens-de-Gameville / Saint-Gaudens / Saint-Jean / Saint-Lys / Saint-Sulpice-la-Pointe
51%
PPlaisance-du-Touch / Pamiers / Portet-sur-Garonne
49%
GGaillac / Graulhet
45%
VVillefranche-de-Rouergue / Villeneuve-Tolosane
43%
OOnet-le-Château
13%

Distribution des résultats

Percentile par nombre de réponses

% des personnes avec chaque résultat

Votre développement - résultats

Vous n’avez pas pris ce quiz